000
00327nam a2200133Ia 4500
005
20251222154322.0
008
251222s9999||||xx |||||||||||||| ||spa||
020
_a
84-89365-33-4
082
_a
860/D75/Ej.2
100
_a
"DÍez Borque, José María"
245
0
_a
Culturas en la Edad de Oro
250
_a
2a.ed.
942
_c
LIB
999
_c
33830
_d
33830